00514nam a2200157 a 450000500170000000800410001702000180005805000250007624500290010126000390013030000100016944000290017965000150020899900190022395201140024220140412111236.0010328s19uu xx 00 eng d a0-590-34831-0 aTR(GS 413bU84a 1988 aUsing the dictionary, A. aNew York :bScholastic Inc,c1988. a32 p. aA Scholastic Skills Book aDictionary c102460d102460 001040aELbELcTRd2001-03-28eDonationl0oTR(GS 413 U84a 1988pE1793r2014-04-12 00:00:00w2014-04-12yBK